| 000 | 00000nam 2200000za 4500 |
| 001 | 9.616044 |
| 003 | CaOODSP |
| 005 | 20210615101412 |
| 007 | ta |
| 008 | 150406s2002 onc||||| f00| 0 eng d |
| 040 | |aCaOODSP|beng |
| 043 | |an-cn--- |
| 086 | 1 |aCP32-78/1-2002E |
| 110 | 1 |aCommission on the Future of Health Care in Canada. |
| 245 | 10|aMedically necessary : |bwhat is it, and who decides? / |cprepared by the Canadian Health Services Research Foundation, for the Commission on the Future of Health Care in Canada. |
| 260 | |aOttawa : |bThe Commission, |c2002. |
| 300 | |a13p. : |bfigs., references ; |c28 cm. |
| 490 | 1 |aIssue/survey Paper |
| 563 | |aSoftcover |
| 590 | |a02-35|b2002-08-23 |
| 690 | 07|aCommissions of inquiry|2gcpds |
| 690 | 07|aHealth care system|2gcpds |
| 710 | 2 |aCanadian Health Services Research Foundation. |
| 775 | 08|tMédicalement nécessaire : |w(CaOODSP)9.625993 |
| 776 | 0#|tMedically necessary |w(CaOODSP)9.574472 |
| 830 | #0|aIssue/survey paper.|w(CaOODSP)9.515058 |